000 00646nam a22002297a 4500
999 _c14564
_d14564
003 AR-CdUCM
008 190423b ||||| |||| 00| 0 spa d
020 _a978-84-9101-240-5
040 _aMUNICIPALIDAD PROVINCIAL DEL CUSCO
_cBIBLIOTECA MUNICIPAL DEL CUSCO
082 _aPI / 803 /
_bAR72
100 _aArjona, Juan
_933388
245 _aCuando las cosas se mueven /
260 _bCombel,
300 _c20 cm.
440 _aCaballo trote
_933389
505 _aContenido :Cuentos ...
650 _aCuentos
_9217
650 _aHistorietas
_910786
700 _aAntelo, Marta
_933390
942 _2ddc
_cLIBROS
945 _arum
_d2019-04-23